On This Day: September 14th Quiz Stats

 Plays Quiz Updated Sep 14, 2017

Challenge
Share
Tweet
Embed
Score 0/7 Timer 03:00
0 Plays Today
Question Answer Wrong Answers
OPEC, the Organization of Petroleum ______ Countries, is founded.
1960
Exporting
85.5%
Excavating
2.7%
Efficient
1.5%
Energy
8.4%
The Soviet probe Luna 2 crashes onto this celestial body, becoming the first man-made object to reach it.
1959
The Moon
80.5%
The Sun
2.4%
Mars
13.6%
Pluto
2%
This English singer-songwriter, whose album ‘Back to Black’ won five Grammy Awards, is born.
1983
Amy Winehouse
75.9%
Adele
16.9%
Lana Del Rey
2.7%
Lily Allen
2.2%
The first American saint, ______, is canonized by Pope Paul VI.
1975
Elizabeth Ann Seton
74.1%
Louise de Marillac
3.9%
Teresa of Ávila
6.2%
Mother Teresa
13.6%
The British Empire adopts this calendar, skipping ahead eleven days.
1752
Gregorian
67.9%
Julian
30.6%
Invariable
0.5%
Florentine
1%
Kiribati, Nauru, and this other country of Oceania join the United Nations.
1999
Tonga
62.8%
Maldives
18%
Comoros
6.5%
Seychelles
10%
Following William McKinley's assassination on September 6, this man succeeds him as US president.
1901
Theodore Roosevelt
51.5%
William Howard Taft
20.5%
Grover Cleveland
18%
Woodrow Wilson
8.9%

Today's Daily Dose

You're not logged in!

Compare scores with friends on all Sporcle quizzes.
Join for Free
OR
Log In

You Might Also Like...

Show Comments

Extras

Top Quizzes Today


Score Distribution

Your Account Isn't Verified!

In order to create a playlist on Sporcle, you need to verify the email address you used during registration. Go to your Sporcle Settings to finish the process.

Report this User

Report this user for behavior that violates our Community Guidelines.

Details: